[Event "Tournoi de +55 ans de Muret"]
[Site "Muret"]
[Date "2014.06.25"]
[Round "3.4"]
[White "Hocher, Eugene"]
[Black "Auge, Jean"]
[Result "1-0"]
[WhiteElo "1657"]
[BlackElo "1851"]
[PlyCount "35"]
[EventDate "2014.??.??"]

1. d4 d5 2. Nf3 e6 3. c4 Nf6 4. Nc3 c6 5. e3 Bb4 6. Qb3 Bxc3+ 7. Qxc3 h6 8. Be2
Nbd7 9. a3 b6 10. cxd5 cxd5 11. Qc6 Rb8 12. Qd6 Qe7 13. Qxe7+ Kxe7 14. Bd2 Ne4
15. Bb4+ Nd6 16. Ne5 a5 17. Nc6+ Kf6 18. Bxd6 1-0

[Event "Tournoi de +55 ans de Muret"]
[Site "Muret"]
[Date "2014.06.25"]
[Round "3.5"]
[White "De Biasi, Robert"]
[Black "Peric, Slavisa"]
[Result "0-1"]
[WhiteElo "1630"]
[BlackElo "2177"]
[PlyCount "70"]
[EventDate "2014.??.??"]

1. c4 b6 2. Nc3 Bb7 3. e4 e6 4. g3 f5 5. Bg2 Nf6 6. d3 Bb4 7. Nge2 fxe4 8. O-O
O-O 9. Nxe4 Nxe4 10. dxe4 a5 11. Be3 Na6 12. Nf4 Bc5 13. Bxc5 Nxc5 14. Qc2 Qg5
15. Rad1 Rf7 16. Nh3 Qh6 17. e5 Bxg2 18. Kxg2 Rf5 19. Rd4 Rh5 20. Rh4 Rxh4 21.
gxh4 Qxh4 22. Qc3 Rf8 23. Qg3 Qe4+ 24. f3 Qxc4 25. Rg1 Qe2+ 26. Nf2 Nd3 27. Rf1
Ne1+ 28. Rxe1 Qxe1 29. Nd3 Qe2+ 30. Nf2 Qxb2 31. Kh3 Qxa2 32. Ng4 Qc2 33. Nf6+
Kh8 34. Nxd7 Qf5+ 35. Kg2 Rd8 0-1

[Event "Tournoi de +55 ans de Muret"]
[Site "Muret"]
[Date "2014.06.25"]
[Round "3.6"]
[White "Moruzzi, Gerard"]
[Black "Tholey, Jean-Paul"]
[Result "0-1"]
[WhiteElo "1675"]
[BlackElo "1903"]
[PlyCount "108"]
[EventDate "2014.??.??"]

1. e4 c5 2. c4 Nc6 3. g3 Nf6 4. Nc3 e6 5. Bg2 Be7 6. Nge2 d6 7. O-O Bd7 8. d4
cxd4 9. Nxd4 Rc8 10. Nxc6 Bxc6 11. Re1 O-O 12. b3 a6 13. Bb2 Qb6 14. Qe2 Rfd8
15. Rad1 Qa5 16. e5 dxe5 17. Rxd8+ Bxd8 18. Bxc6 Rxc6 19. Qxe5 Qxe5 20. Rxe5
Rd6 21. Re2 Rd3 22. Kg2 Be7 23. f3 Kf8 24. Na4 Nd7 25. f4 f6 26. Kf2 Kf7 27.
Rc2 Nc5 28. Ke2 Rd8 29. Nxc5 Bxc5 30. Bc3 Ke7 31. Rd2 Rxd2+ 32. Bxd2 Kd6 33.
Kd3 Bg1 34. h3 Bh2 35. g4 f5 36. Be3 fxg4 37. hxg4 g6 38. Ke4 Bg3 39. Bd4 (39.
g5 $1) 39... h5 40. f5 exf5+ 41. gxf5 g5 42. c5+ Ke7 43. Be3 g4 44. Bf4 Bxf4
45. Kxf4 Kf6 46. b4 g3 47. Kxg3 Kxf5 48. a4 Ke5 49. b5 a5 50. Kh4 Kd5 51. c6
bxc6 52. bxc6 (52. b6 $1 Kd6 53. Kxh5 Kd7 (53... c5 54. Kg5 Kc6 55. Kf5 Kxb6 (
55... c4 56. b7 Kxb7 57. Ke4 Kc6 58. Kd4) 56. Ke4 Kc6 57. Ke5 $11) 54. Kg5 Kc8
55. Kf6 Kb7 56. Ke6 Kxb6 57. Kd6 Kb7 58. Ke5 Ka6 59. Ke6 Ka7 60. Ke5 Kb6 61.
Kd6 Kb7 62. Ke5 Ka6 63. Ke6 Ka7 64. Ke5 Kb7 65. Ke6 Kc7 $19) 52... Kxc6 53.
Kxh5 Kc5 54. Kg4 Kb4 0-1

[Event "Tournoi de +55 ans de Muret"]
[Site "Muret"]
[Date "2014.06.25"]
[Round "3.7"]
[White "Patrat, Joel"]
[Black "Fora, Jean-Paul"]
[Result "1-0"]
[WhiteElo "1867"]
[BlackElo "1532"]
[PlyCount "47"]
[EventDate "2014.??.??"]

1. c4 e5 2. e3 f5 3. Qc2 d6 4. Nc3 Nf6 5. a3 Be7 6. d4 exd4 7. exd4 O-O 8. Bd3
g6 9. Nf3 Nh5 10. O-O Bf6 11. Nd5 c6 12. Nxf6+ Nxf6 13. Bg5 Nbd7 14. Rae1 b6
15. Re2 Re8 16. Rfe1 Rxe2 17. Rxe2 Qf8 18. Qd2 Ba6 19. Bh6 Qc8 20. b3 Nf8 21.
Re7 Ng4 22. h3 Nf6 23. Rg7+ Kh8 24. Ng5 1-0

[Event "Tournoi de +55 ans de Muret"]
[Site "Muret"]
[Date "2014.06.25"]
[Round "3.8"]
[White "Mauduit, Emile"]
[Black "Riviere, Gerard"]
[Result "0-1"]
[WhiteElo "1619"]
[BlackElo "1791"]
[PlyCount "112"]
[EventDate "2014.??.??"]

1. Nf3 Nf6 2. d4 d5 3. Bg5 Nbd7 4. Nc3 c6 5. e3 h6 6. Bh4 e6 7. a3 Bd6 8. Bxf6
Nxf6 9. Be2 O-O 10. O-O Qc7 11. g3 Re8 12. Kg2 e5 13. dxe5 Bxe5 14. Nxe5 Qxe5
15. h3 Bf5 16. Bf3 Rad8 17. Qc1 Ne4 18. Ne2 Ng5 19. Ng1 Nxf3 20. Nxf3 Be4 21.
Qd1 Rd6 22. Kh2 Bxf3 23. Qxf3 Rf6 24. Qd1 Qxb2 25. Rb1 Qxa3 26. Rxb7 Qa6 27.
Rb1 Qc4 28. Ra1 a6 29. Qd3 Qxd3 30. cxd3 c5 31. Ra4 Rxe3 32. fxe3 Rxf1 33. Rxa6
Rd1 34. Rc6 Rd2+ 35. Kg1 Rxd3 36. Rxc5 Rxe3 37. Kf2 Rd3 38. h4 h5 39. Rc6 Kf8
40. Rc1 Ke7 41. Rg1 f5 42. Ke2 Ra3 43. Re1 Kd6 44. Kf2 g6 45. Re8 Ra4 46. Rd8+
Ke6 47. Re8+ Kd7 48. Re5 Kd6 49. Re8 Rg4 50. Rd8+ Ke5 51. Re8+ Kd4 52. Rd8 Kc4
53. Rc8+ Kd3 54. Rd8 d4 55. Rc8 f4 56. gxf4 Rxf4+ 0-1

[Event "Tournoi de +55 ans de Muret"]
[Site "Muret"]
[Date "2014.06.25"]
[Round "3.9"]
[White "Hazarabedian, Guy"]
[Black "Lecoultre, Patrick"]
[Result "0-1"]
[WhiteElo "1381"]
[BlackElo "1702"]
[PlyCount "64"]
[EventDate "2014.??.??"]

1. d4 Nf6 2. f4 d5 3. e3 c5 4. c3 cxd4 5. cxd4 Bg4 6. Be2 Bxe2 7. Qxe2 e6 8.
Nf3 Nc6 9. O-O Be7 10. Nc3 O-O 11. a3 Rc8 12. Qd1 Na5 13. Nd2 Qd7 14. Qa4 Qxa4
15. Nxa4 Rc7 16. b3 Rfc8 17. h3 b5 18. Nb2 h5 19. Nd3 Rc3 20. Nb4 Nxb3 21. Nxb3
Rxb3 22. Bd2 Ne4 23. Bc1 a5 24. Na6 Ra8 25. Nc7 Ra7 26. Nxb5 Rxb5 27. a4 Rb3
28. Rd1 Rab7 29. Bd2 Nxd2 30. Rxd2 Rxe3 31. Kf2 Rc3 32. Ke2 Bd6 0-1

[Event "Tournoi de +55 ans de Muret"]
[Site "Muret"]
[Date "2014.06.25"]
[Round "3.10"]
[White "Parpinel, Mario"]
[Black "Tourenne, Dominique"]
[Result "1-0"]
[WhiteElo "1665"]
[BlackElo "1690"]
[PlyCount "87"]
[EventDate "2014.??.??"]

1. e4 c5 2. Nf3 Nc6 3. Bb5 Na5 4. O-O a6 5. Be2 g6 6. c3 d6 7. d4 cxd4 8. cxd4
Bg7 9. Bd2 Nf6 10. Nc3 b5 11. e5 dxe5 12. Nxe5 Qxd4 13. Bf3 Bb7 14. Bxb7 Nxb7
15. Nc6 Qd6 16. Qf3 O-O 17. Bf4 Qc5 18. Be3 Qd6 19. Bf4 Qd7 20. Rad1 Qe8 21.
Rfe1 e6 22. Nb4 Qc8 23. Nc6 Re8 24. Rd2 Nd8 25. Ne5 Qb7 26. Rxd8 Qxf3 27. Rxe8+
Rxe8 28. Nxf3 b4 29. Na4 Nd5 30. Bc1 Rc8 31. Kf1 Rc2 32. Rd1 Bf6 33. g3 Kg7 34.
Ne1 Rc6 35. Be3 Nxe3+ 36. fxe3 Bg5 37. Kf2 Rc4 38. Nf3 Bf6 39. Rd2 a5 40. Nb6
Rc1 41. Nd7 Be7 42. b3 g5 43. Nfe5 h5 44. Nc4 1-0

[Event "Tournoi de +55 ans de Muret"]
[Site "Muret"]
[Date "2014.06.25"]
[Round "3.11"]
[White "Lamory, Jacques"]
[Black "Flourac, Jean-Paul"]
[Result "0-1"]
[WhiteElo "1200"]
[BlackElo "1531"]
[PlyCount "66"]
[EventDate "2014.??.??"]

1. d4 Nf6 2. Nf3 b6 3. c4 e6 4. Bg5 Be7 5. Nbd2 Bb7 6. e4 Nxe4 7. Bxe7 Qxe7 8.
Nxe4 Bxe4 9. Qe2 Bb7 10. g3 Nc6 11. d5 exd5 12. Qxe7+ Nxe7 13. Be2 dxc4 14. O-O
f6 15. Nd4 O-O-O 16. Bxc4 g6 17. a4 Nc6 18. Nb3 Na5 19. Nxa5 bxa5 20. Rab1 Rhe8
21. b4 Re4 22. Rfc1 axb4 23. Rxb4 d5 24. Rd1 Rxc4 25. Rb3 Rxa4 26. Re3 Re4 27.
Rf3 f5 28. Ra3 d4 29. Rxa7 d3 30. Rb1 Bc6 31. Ra2 d2 32. Rd1 Re1+ 33. Rxe1
dxe1=Q# 0-1

[Event "Tournoi de +55 ans de Muret"]
[Site "Muret"]
[Date "2014.06.25"]
[Round "3.12"]
[White "Orlovic, Lucie"]
[Black "Fabre, Pierre"]
[Result "0-1"]
[WhiteElo "1108"]
[BlackElo "1392"]
[PlyCount "68"]
[EventDate "2014.??.??"]

1. e4 c5 2. Nf3 d6 3. d3 Nf6 4. h3 Nc6 5. Be3 e6 6. d4 Qb6 7. b3 Nxe4 8. Bd3
Nf6 9. O-O Be7 10. c3 O-O 11. Nbd2 Nd5 12. c4 Nxe3 13. fxe3 cxd4 14. exd4 Nxd4
15. Nxd4 Qxd4+ 16. Rf2 Qxd3 17. Qe2 Qxe2 18. Rxe2 Bd7 19. Nf3 Rab8 20. Rc1 Rfc8
21. Rec2 h6 22. Nd2 b6 23. a4 Rc6 24. Ra1 a5 25. Rb1 d5 26. Re1 Bb4 27. Re5
Bxd2 28. Rxd2 Rc5 29. cxd5 exd5 30. Re7 Be6 31. Rf2 Rc3 32. Ra7 Rxb3 33. Rc2
Rb4 34. Rc6 Rxa4 0-1

[Event "Tournoi de +55 ans de Muret"]
[Site "Muret"]
[Date "2014.06.26"]
[Round "4.1"]
[White "Saunders, Mark"]
[Black "Milnes, Anthony C P"]
[Result "1/2-1/2"]
[WhiteElo "1759"]
[BlackElo "2043"]
[PlyCount "39"]
[EventDate "2014.??.??"]

1. e4 e6 2. d4 d5 3. Nc3 Bb4 4. Nge2 Nf6 5. a3 Be7 6. Qd3 dxe4 7. Nxe4 Nc6 8.
Bg5 Nxe4 9. Bxe7 Qxe7 10. Qxe4 O-O 11. g3 f5 12. Qe3 e5 13. O-O-O Re8 14. dxe5
Nxe5 15. f4 Nc4 16. Qxe7 Rxe7 17. Rd8+ Kf7 18. Nc3 Nd6 19. Bg2 Re8 20. Rxe8
1/2-1/2

[Event "Tournoi de +55 ans de Muret"]
[Site "Muret"]
[Date "2014.06.26"]
[Round "4.2"]
[White "¦, Jean"]
[Black "Hocher, Eugene"]
[Result "1-0"]
[WhiteElo "1855"]
[BlackElo "1657"]
[PlyCount "69"]
[EventDate "2014.??.??"]

1. d4 Nf6 2. c4 g6 3. Nc3 Bg7 4. e4 d6 5. f4 Nc6 6. d5 Nb8 7. Nf3 O-O 8. Be2
Na6 9. O-O Nc5 10. Qc2 a6 11. Be3 Ncd7 12. Nd4 Nc5 13. b4 Ncd7 14. Rad1 h6 15.
h3 Nh7 16. Qd2 Qe8 17. f5 g5 18. g4 Ne5 19. c5 Bd7 20. Qc2 Nf6 21. Rf2 Kh7 22.
Rg2 Rh8 23. Nf3 Nxf3+ 24. Bxf3 Ng8 25. e5 f6 26. e6 Bb5 27. a4 Bc4 28. Rd4 b5
29. cxb6 cxb6 30. Rxc4 b5 31. axb5 axb5 32. Rc6 h5 33. gxh5 Nh6 34. Bxg5 fxg5
35. f6+ 1-0

[Event "Tournoi de +55 ans de Muret"]
[Site "Muret"]
[Date "2014.06.26"]
[Round "4.3"]
[White "Peric, Slavisa"]
[Black "Orlovic, Isa"]
[Result "1-0"]
[WhiteElo "2177"]
[BlackElo "1856"]
[PlyCount "89"]
[EventDate "2014.??.??"]

1. d4 d5 2. Nf3 Nd7 3. Bf4 Ngf6 4. e3 c5 5. c3 Qb6 6. Qc1 Nh5 7. Bg5 h6 8. Bh4
c4 9. Nbd2 Ndf6 10. b3 cxb3 11. axb3 Bf5 12. c4 dxc4 13. bxc4 e6 14. c5 Qb4 15.
Ra3 Be4 16. Rb3 Qa5 17. Ne5 Bc6 18. f3 g5 19. Bf2 Nd5 20. Bd3 Bg7 21. Nxc6 bxc6
22. O-O O-O 23. Nc4 Qd8 24. g4 Nhf6 25. Bg3 Nd7 26. Bd6 Re8 27. Re1 Ne7 28. Qd2
Nc8 29. Be4 Ne7 30. Bxe7 Rxe7 31. Bxc6 Nxc5 32. dxc5 Qxd2 33. Nxd2 Rc8 34. Rb7
Bf8 35. Rxe7 Bxe7 36. Be4 Rxc5 37. Ra1 f5 38. Rxa7 Rc1+ 39. Kf2 Bb4 40. Nb3 Rc3
41. gxf5 Rxb3 42. fxe6 Bc5 43. e7 Rb8 44. Bd5+ Kh8 45. Rc7 1-0

[Event "Tournoi de +55 ans de Muret"]
[Site "Muret"]
[Date "2014.06.26"]
[Round "4.5"]
[White "Riviere, Gerard"]
[Black "Patrat, Joel"]
[Result "0-1"]
[WhiteElo "1791"]
[BlackElo "1867"]
[PlyCount "80"]
[EventDate "2014.??.??"]

1. d4 f5 2. Nf3 e6 3. c4 d5 4. Nc3 c6 5. g3 Nf6 6. Bg2 Bd6 7. Qb3 O-O 8. O-O
Nbd7 9. cxd5 exd5 10. Bg5 Qe8 11. Bxf6 Nxf6 12. e3 Rb8 13. Qc2 Ne4 14. Rae1 Rf6
15. Nd2 Rh6 16. Bf3 g5 17. Bxe4 fxe4 18. f4 gxf4 19. exf4 Qh5 20. Rf2 Bf5 21.
Qd1 Qg6 22. Re3 Qg7 23. Nf1 Bg4 24. Ne2 Rd8 25. Qb3 Kh8 26. Qc3 Be7 27. Nd2 b6
28. b4 Rc8 29. Nb3 Bf6 30. Qd2 Bf5 31. a3 Rg6 32. Kh1 h5 33. h4 Rg8 34. Rh2 Bg4
35. Ng1 Bf3+ 36. Nxf3 exf3 37. Rxf3 Rxg3 38. Rxg3 Qxg3 39. Qd1 Rg4 40. Nd2 Bxd4
0-1

[Event "Tournoi de +55 ans de Muret"]
[Site "Muret"]
[Date "2014.06.26"]
[Round "4.6"]
[White "Lecoultre, Patrick"]
[Black "Auge, Jean"]
[Result "1-0"]
[WhiteElo "1702"]
[BlackElo "1851"]
[PlyCount "115"]
[EventDate "2014.??.??"]

1. d4 d5 2. Nf3 e6 3. c4 Nf6 4. Bg5 c6 5. e3 Qa5+ 6. Nbd2 Ne4 7. a3 Nxd2 8.
Qxd2 Qxd2+ 9. Nxd2 Be7 10. Bf4 h5 11. Be2 Nd7 12. Rc1 Nf8 13. cxd5 exd5 14. h3
g5 15. Be5 f6 16. Bc7 Bf5 17. b4 Ne6 18. Bh2 a6 19. Nb3 Rc8 20. Nc5 Nd8 21. a4
Bxc5 22. bxc5 g4 23. Bd6 Kd7 24. hxg4 Be6 25. Rxh5 Nf7 26. Bf4 Rxh5 27. gxh5
Rg8 28. g3 Bg4 29. Rb1 Kc8 30. Bxg4+ Rxg4 31. Ke2 Rg7 32. Rh1 Kd7 33. f3 Ke6
34. g4 Rh7 35. Kd3 Nh8 36. Re1 f5 37. e4 dxe4+ 38. Ke3 exf3 39. Kxf3+ Kd5 40.
Re5+ Kxd4 41. Rxf5 Kc4 42. h6 Kb4 43. g5 Ng6 44. Rf6 Nxf4 45. Kxf4 Kxc5 46. Kf5
b5 47. Kg6 Rd7 48. h7 Rd8 49. Kg7 bxa4 50. h8=Q Rxh8 51. Kxh8 a3 52. g6 Kb4 53.
g7 a2 54. Rf1 c5 55. g8=Q c4 56. Qb8+ Ka4 57. Qb2 a5 58. Qxa2+ 1-0

[Event "Tournoi de +55 ans de Muret"]
[Site "Muret"]
[Date "2014.06.26"]
[Round "4.7"]
[White "Gregory, Daniel"]
[Black "De Biasi, Robert"]
[Result "1-0"]
[WhiteElo "2077"]
[BlackElo "1630"]
[PlyCount "167"]
[EventDate "2014.??.??"]

1. d4 g6 2. e4 Bg7 3. Nc3 d6 4. Bc4 e6 5. Bb3 Nf6 6. Bg5 h6 7. Be3 O-O 8. f3
Nc6 9. a3 a6 10. Qd2 Nh7 11. O-O-O b5 12. Nge2 Bd7 13. h4 Na5 14. Ba2 Nc4 15.
Bxc4 bxc4 16. Rdg1 c5 17. dxc5 dxc5 18. Bxc5 Re8 19. Bd4 Rb8 20. Bxg7 Kxg7 21.
Rd1 Qb6 22. Qd4+ Qxd4 23. Rxd4 Bb5 24. Rhd1 Nf6 25. e5 Ng8 26. Ne4 Ne7 27. Nd6
Rf8 28. Nc3 Nc6 29. Re4 Ne7 30. Nxc4 Bc6 31. Ree1 Nf5 32. Rh1 Ne7 33. Nd6 Nd5
34. Nxd5 Bxd5 35. Rd4 f6 36. exf6+ Kxf6 37. Rhd1 Rb6 38. Ne4+ Ke5 39. Nc5 Kd6
40. b4 Ke7 41. c4 Bc6 42. Kc2 Rf5 43. Kc3 Re5 44. R1d2 Re3+ 45. R4d3 Re1 46.
Nb3 Ba4 47. Kb2 Re5 48. Kc3 Re1 49. Nd4 Rc1+ 50. Nc2 Rb1 51. Rd1 Rb3+ 52. Kd2
Rb2 53. Rc1 a5 54. b5 Rd6 55. Rxd6 Kxd6 56. Kc3 Rb3+ 57. Kd4 e5+ 58. Ke4 Rb2
59. Ne3 Rd2 60. Ng4 Bc2+ 61. Ke3 Rxg2 62. Nf2 Bf5 63. c5+ Kc7 64. Rd1 Bc2 65.
Rd5 Ba4 66. b6+ Kb7 67. Rxe5 Bc6 68. Re7+ Ka6 69. Rc7 Bb7 70. c6 Kxb6 71. Rxb7+
Kxc6 72. Rh7 h5 73. Rf7 Kb5 74. Rf4 Rg1 75. a4+ Kb6 76. Nd3 Ra1 77. Rf6+ Kc7
78. Nc5 Ra3+ 79. Kd4 Ra1 80. Kc4 Rc1+ 81. Kb5 Rb1+ 82. Kxa5 Rc1 83. Kb4 Rb1+
84. Nb3 1-0

[Event "Tournoi de +55 ans de Muret"]
[Site "Muret"]
[Date "2014.06.26"]
[Round "4.8"]
[White "Fora, Jean-Paul"]
[Black "Moruzzi, Gerard"]
[Result "0-1"]
[WhiteElo "1532"]
[BlackElo "1675"]
[PlyCount "128"]
[EventDate "2014.??.??"]

1. b4 e5 2. Bb2 Nc6 3. b5 Nd4 4. e3 Ne6 5. Bxe5 d6 6. Bb2 Qg5 7. Nf3 Qe7 8. c4
Nf6 9. Be2 a6 10. a4 axb5 11. axb5 Rxa1 12. Bxa1 b6 13. O-O Bb7 14. d3 g6 15.
Qa4 Bg7 16. Qa7 Bxf3 17. Qb8+ Kd7 18. Qxh8 Bxh8 19. Bxf3 Nc5 20. Rd1 Bg7 21.
Na3 h5 22. Nc2 Ke8 23. Nb4 Kf8 24. Bc3 Kg8 25. Nc6 Qd7 26. Nb8 Qe8 27. Nc6 Nfd7
28. d4 Ne4 29. Bb2 Kh7 30. Nb4 f5 31. Nd5 Qd8 32. Nf4 Nf8 33. Ra1 Kh6 34. Ra7
Qb8 35. Ra1 Nh7 36. h4 Nhf6 37. Be2 Ne8 38. Bf3 Bf6 39. g3 Qc8 40. Kg2 Bh8 41.
Be2 Qd7 42. Ra8 Kh7 43. Bf3 Qf7 44. Be2 Bg7 45. Ra7 Nd2 46. Ra4 Ne4 47. Ra7 Qd7
48. Ra8 c6 49. Bc1 cxb5 50. cxb5 N4f6 51. Ra1 Qc7 52. Bf3 Qc3 53. Rb1 Ne4 54.
Be2 Qc2 55. Ra1 N8f6 56. f3 Nc3 57. Kf1 g5 58. hxg5 Nfd5 59. Bd3 Qd1+ 60. Kf2
Nxf4 61. Bxf5+ Ng6 62. Kg2 Ne2 63. Bb2 Qd2 64. Rh1 Nef4+ 0-1

[Event "Tournoi de +55 ans de Muret"]
[Site "Muret"]
[Date "2014.06.26"]
[Round "4.9"]
[White "Flourac, Jean-Paul"]
[Black "Parpinel, Mario"]
[Result "1-0"]
[WhiteElo "1531"]
[BlackElo "1665"]
[PlyCount "65"]
[EventDate "2014.??.??"]

1. d4 Nf6 2. f3 d5 3. e4 dxe4 4. Nc3 exf3 5. Nxf3 e6 6. Bd3 Be7 7. O-O Nbd7 8.
Bf4 c6 9. Qe1 O-O 10. Bg5 Re8 11. Ne4 Nxe4 12. Qxe4 g6 13. Qh4 f5 14. Bxe7 Qxe7
15. Qe1 e5 16. Bc4+ Kg7 17. Qc3 e4 18. Rae1 Qf6 19. Bb3 Nb6 20. Ne5 h5 21. Qg3
Nd5 22. Rxe4 f4 23. Qf3 Bg4 24. Qf2 Bf5 25. Bxd5 Bxe4 26. Bxe4 g5 27. Qf3 Kh6
28. Bd3 Rg8 29. Be2 Raf8 30. Qxh5+ Kg7 31. Bd3 Qh6 32. Qg4 Kh8 33. Rf3 1-0

[Event "Tournoi de +55 ans de Muret"]
[Site "Muret"]
[Date "2014.06.26"]
[Round "4.10"]
[White "Fabre, Pierre"]
[Black "Mauduit, Emile"]
[Result "0-1"]
[WhiteElo "1392"]
[BlackElo "1619"]
[PlyCount "54"]
[EventDate "2014.??.??"]

1. d4 Nf6 2. c4 c5 3. d5 b5 4. b3 g6 5. Bb2 Bg7 6. Qc2 O-O 7. Nd2 d6 8. Rb1
Nbd7 9. e3 bxc4 10. Bxc4 Nb6 11. e4 Qd7 12. h3 a5 13. a4 e6 14. Bb5 Qe7 15.
dxe6 fxe6 16. f3 d5 17. e5 Nh5 18. Ne2 Qh4+ 19. Kf1 Qe7 20. Kf2 Bd7 21. Bxd7
Nxd7 22. g4 Qh4+ 23. Kg2 Nf4+ 24. Nxf4 Rxf4 25. Rbe1 Bh6 26. Qd3 Rf7 27. Nf1
Qxe1 0-1

[Event "Tournoi de +55 ans de Muret"]
[Site "Muret"]
[Date "2014.06.26"]
[Round "4.11"]
[White "Tourenne, Dominique"]
[Black "Hazarabedian, Guy"]
[Result "1-0"]
[WhiteElo "1690"]
[BlackElo "1381"]
[PlyCount "85"]
[EventDate "2014.??.??"]

1. d4 d5 2. c4 c6 3. Nf3 Bg4 4. Ne5 Bh5 5. Nc3 e6 6. g3 Nd7 7. cxd5 Nxe5 8.
dxe5 cxd5 9. Qa4+ Qd7 10. Qxd7+ Kxd7 11. Bg2 f5 12. exf6 Nxf6 13. e3 Bg6 14.
O-O Bd6 15. Bd2 Rac8 16. Rfc1 a6 17. a4 Bb4 18. Kf1 Bd3+ 19. Ke1 h5 20. h4 Rhf8
21. Nd1 Bxd2+ 22. Kxd2 Bg6 23. Rxc8 Rxc8 24. Nc3 Kd6 25. Rc1 Rc7 26. Na2 Rxc1
27. Nxc1 e5 28. b4 Be8 29. a5 e4 30. f3 Bg6 31. f4 Be8 32. Nb3 g6 33. Nd4 Bd7
34. Bf1 Ne8 35. Be2 Nf6 36. Kc3 Ne8 37. f5 gxf5 38. Bxh5 Ng7 39. Be2 Be8 40. g4
fxg4 41. Bxg4 Nh5 42. Be6 Ke5 43. Bc8 1-0

[Event "Tournoi de +55 ans de Muret"]
[Site "Muret"]
[Date "2014.06.26"]
[Round "4.12"]
[White "Orlovic, Lucie"]
[Black "Lamory, Jacques"]
[Result "1-0"]
[WhiteElo "1108"]
[BlackElo "1200"]
[PlyCount "91"]
[EventDate "2014.??.??"]

1. e4 g6 2. d4 Bg7 3. Nf3 d6 4. Bd3 Bg4 5. h3 Bxh3 6. gxh3 Nf6 7. Nc3 d5 8. e5
Nh5 9. Be3 h6 10. Qe2 e6 11. O-O-O c6 12. a3 b5 13. Rhg1 b4 14. axb4 Bf8 15. b5
Qa5 16. Bd2 Qa1+ 17. Nb1 Ba3 18. bxa3 Kd7 19. c4 cxb5 20. Bc3 bxc4 21. Bxa1
cxd3 22. Qxd3 Rc8+ 23. Nc3 Nc6 24. Nb5 Nb4+ 25. Kb2 Nxd3+ 26. Rxd3 Rab8 27. Rc3
Rxb5+ 28. Rb3 Ra5 29. Ka2 Nf4 30. h4 Rc2+ 31. Rb2 Rc3 32. Rb3 Rc7 33. Rgb1 Rc2+
34. Bb2 Ne2 35. Ne1 Rc4 36. Nd3 Kc6 37. Nc5 Nxd4 38. Bxd4 Rxd4 39. Nb7 Rda4 40.
Rc1+ Kd7 41. Nxa5 Rxa5 42. Rb7+ Kd8 43. Rcc7 Ra6 44. Rxf7 Ke8 45. Rh7 Rb6 46.
Rh8# 1-0

[Event "Tournoi de +55 ans de Muret"]
[Site "Muret"]
[Date "2014.06.26"]
[Round "5.1"]
[White "Patrat, Joel"]
[Black "De Lagontrie, Jean"]
[Result "0-1"]
[WhiteElo "1867"]
[BlackElo "1855"]
[PlyCount "82"]
[EventDate "2014.??.??"]

1. f4 g6 2. e3 Bg7 3. d4 Nf6 4. Bd3 d6 5. Nf3 Nbd7 6. O-O O-O 7. f5 e5 8. fxe6
fxe6 9. e4 Qe8 10. c3 c6 11. Qe1 e5 12. Qh4 b5 13. Bg5 a5 14. Nbd2 Ra7 15. d5 (
15. a4) 15... Nb6 16. dxc6 Qxc6 17. Be3 Ng4 18. Rae1 Nxe3 19. Rxe3 Qc5 20. Rfe1
Nc4 21. Bxc4+ bxc4 22. h3 a4 23. Nf1 Rb7 24. Qf2 Rbf7 25. N1d2 Be6 26. Kh1 Bh6
27. R3e2 Qc8 28. Qh4 Kg7 29. Ng5 Bxg5 30. Qxg5 h6 31. Qg3 Rf4 32. Qe3 Qd7 33.
Kh2 Qf7 34. Qb6 Qe7 35. Qc6 g5 36. Nxc4 Bxc4 37. Qxc4 g4 38. Qxa4 gxh3 39. gxh3
Rf2+ 40. Rxf2 Rxf2+ 41. Kg3 $4 (41. Kh1 Qf7 42. Qd1 (42. Rg1+ Kh7 43. Qd1 Qf4
$19) 42... Rxb2 43. Qg4+ Kf8 $11) 41... Qf7 0-1

[Event "Tournoi de +55 ans de Muret"]
[Site "Muret"]
[Date "2014.06.27"]
[Round "5.2"]
[White "Peric, Slavisa"]
[Black "Saunders, Mark"]
[Result "1-0"]
[WhiteElo "2177"]
[BlackElo "1759"]
[PlyCount "49"]
[EventDate "2014.??.??"]

1. d4 Nf6 2. Nc3 d5 3. Bg5 e6 4. e3 c5 5. Nf3 Nc6 6. a3 cxd4 7. exd4 Be7 8. Bd3
h6 9. Bh4 O-O 10. O-O a6 11. Re1 b5 12. Nb1 Re8 13. c3 Bd6 14. Ne5 Bb7 15. Bxf6
Qxf6 16. Qe2 Qd8 17. f4 Nxe5 18. fxe5 Be7 19. Nd2 f5 20. exf6 Bxf6 21. Qh5 Kf8
22. Nf3 Bc6 23. Ne5 Bxe5 24. Rxe5 Re7 25. Rf1+ 1-0

[Event "Tournoi de +55 ans de Muret"]
[Site "Muret"]
[Date "2014.06.27"]
[Round "5.3"]
[White "Milnes, Anthony C P"]
[Black "Lecoultre, Patrick"]
[Result "1-0"]
[WhiteElo "2043"]
[BlackElo "1702"]
[PlyCount "35"]
[EventDate "2014.??.??"]

1. f4 Nf6 2. Nf3 g6 3. d3 d6 4. e4 c5 5. Be2 Bg7 6. O-O Nc6 7. Nc3 Bg4 8. h3
Bd7 9. Be3 Nh5 10. Qe1 Nd4 11. Bd1 Qc8 12. Qf2 Ne6 13. g4 Nhxf4 14. Qh2 Bh6 (
14... h5 $1) 15. g5 Nxh3+ 16. Qxh3 Nf4 17. Qxh6 Bh3 18. Nh2 1-0

[Event "Tournoi de +55 ans de Muret"]
[Site "Muret"]
[Date "2014.06.27"]
[Round "5.4"]
[White "Tholey, Jean-Paul"]
[Black "Gregory, Daniel"]
[Result "*"]
[WhiteElo "1903"]
[BlackElo "2077"]
[PlyCount "116"]
[EventDate "2014.??.??"]

1. d4 Nf6 2. c4 c5 3. Nf3 a6 4. Nc3 cxd4 5. Nxd4 e6 6. e3 Qc7 7. Be2 Nc6 8. O-O
Be7 9. b3 O-O 10. Bb2 Rd8 11. Rc1 d6 12. Qc2 Bd7 13. Rfd1 Rac8 14. Ba3 Ne5 15.
Qb2 Bf8 16. Nf3 Ng6 17. Ng5 Bc6 18. Bf3 Nh4 19. Bxc6 Qxc6 20. f3 Qb6 21. Kf2
Nf5 22. Rd3 Nd7 23. Nd1 Nf6 24. Qd2 Nd7 25. Ne4 Nc5 26. Nxc5 dxc5 27. Bb2 Qc7
28. g3 Rxd3 29. Qxd3 Rd8 30. Qe2 h5 31. Nc3 h4 32. Ne4 hxg3+ 33. hxg3 Bd6 34.
f4 Bf8 35. Rd1 Rxd1 36. Qxd1 Qc6 37. Qf3 Qd7 38. Qe2 Nh6 39. Qd2 Qc6 40. Ng5
Ng4+ 41. Kg1 f6 42. Qe2 Nh6 43. Nf3 Nf5 44. Kf2 Qe4 45. g4 Nd6 46. Nd2 Qh1 47.
Qf1 Qh4+ 48. Kf3 f5 49. gxf5 Nxf5 50. Ne4 Qh5+ 51. Kf2 Be7 52. Ng5 Bxg5 53.
fxg5 Qxg5 54. Qd3 Qg3+ 55. Ke2 Qg2+ 56. Ke1 Qxb2 57. Qd8+ Kh7 58. e4 Qb1+ *

[Event "Tournoi de +55 ans de Muret"]
[Site "Muret"]
[Date "2014.06.27"]
[Round "5.5"]
[White "Darrigues, Alain"]
[Black "Hocher, Eugene"]
[Result "*"]
[WhiteElo "1831"]
[BlackElo "1657"]
[PlyCount "95"]
[EventDate "2014.??.??"]

1. d4 Nf6 2. c4 g6 3. Nc3 Bg7 4. e4 d6 5. Be2 c6 6. Nf3 O-O 7. O-O Nbd7 8. Re1
Qc7 9. Bf1 Re8 10. Rb1 e5 11. d5 Nf8 12. h3 Nh5 13. g3 a5 14. a3 Bd7 15. b4 h6
16. Bd2 axb4 17. axb4 Nh7 18. Qc1 g5 19. Be2 N5f6 20. Kh2 Nf8 21. Be3 Ng6 22.
Rd1 Qc8 23. Bf1 Kh7 24. Nd2 Nh5 25. Nb3 f5 26. dxc6 bxc6 27. Rxd6 Bf8 28. Rxg6
Kxg6 29. exf5+ Bxf5 30. g4 Bxb1 31. gxh5+ Kxh5 32. Be2+ Kg6 33. Qxb1+ Kg7 34.
Nc5 Qc7 35. Bh5 e4+ 36. Kg2 Bxc5 37. Bxc5 Qe5 38. Bxe8 Rxe8 39. Ne2 Kg6 40. Qb3
Rd8 41. Qg3 Qf6 42. Qe3 Qe6 43. Nd4 Qe8 44. h4 Kf6 45. hxg5+ hxg5 46. Qh3 e3
47. Qf5+ Kg7 48. Ne6+ *

[Event "Tournoi de +55 ans de Muret"]
[Site "Muret"]
[Date "2014.06.27"]
[Round "5.6"]
[White "Orlovic, Isa"]
[Black "Flourac, Jean-Paul"]
[Result "1-0"]
[WhiteElo "1856"]
[BlackElo "1531"]
[PlyCount "109"]
[EventDate "2014.??.??"]

1. d4 Nf6 2. c4 b6 3. Nc3 Bb7 4. Nf3 e6 5. Bf4 Be7 6. e3 Nh5 7. Bg3 O-O 8. Rc1
Nf6 9. d5 Bb4 10. Bh4 Be7 11. Bxf6 Bxf6 12. Bd3 Bxc3+ 13. Rxc3 Na6 14. h4 Nc5
15. Rh3 f5 16. Bc2 Qf6 17. Qd4 exd5 18. cxd5 Qxd4 19. Nxd4 Bxd5 20. Nxf5 Be4
21. Rxc5 Bxc2 22. Ne7+ Kf7 23. Rxc2 Kxe7 24. Rxc7 Rf6 25. Rg3 Rf7 26. Rg4 Kd6
27. Rcc4 Raf8 28. Rgd4+ Ke7 29. f4 Kd8 30. g4 h6 31. Rd5 Rf6 32. Kd2 R8f7 33.
b4 Re7 34. b5 Rfe6 35. Rc3 g6 36. Rd4 Re4 37. Rcd3 Kc8 38. g5 hxg5 39. hxg5
R4e6 40. Ra4 Kb7 41. Rda3 Kc7 42. Rxa7+ Kd6 43. Rd3+ Kc5 44. a4 Kb4 45. Rd4+
Kb3 46. Rdxd7 Rxd7+ 47. Rxd7 Kxa4 48. Rd5 Kb4 49. Kd3 Kb3 50. Kd4 Kc2 51. e4
Kd2 52. Rd7 Ke2 53. Kd5 Re8 54. e5 Kf3 55. Rf7 1-0